MARC

LEADER 00000nam0a2200000 4500
001 75747
005 20231101212832.0
020 |a RU  |b 81-54249 
035 |a (RuTPU)RU\TPU\book\80823 
090 |a 75747 
100 |a 20050401d1981 m y0rusy5003 ca 
101 0 |a rus 
102 |a RU 
105 |a a j 000zy 
200 1 |a Химия и технология бризантных взрывчатых веществ  |e [учебник для хим.-технол. спец. вузов]  |f Е. Ю. Орлова 
205 |a 3-е изд., перераб. 
210 |a Ленинград  |c Химия  |d 1981 
215 |a 311 с.  |c ил.  |d 22 см. 
606 1 |a Взрывчатые вещества,бризантные  |x Химическая технология  |2 stltpush  |3 (RuTPU)RU\TPU\subj\32961  |9 55333 
610 1 |a химия 
610 1 |a технология 
610 1 |a свойства 
610 1 |a получение 
610 1 |a нитросоединения 
610 1 |a кислоты 
610 1 |a ароматический ряд 
610 1 |a нитраты 
610 1 |a спирты 
610 1 |a взрывчатые вещества 
610 1 |a бризантные взрывчатые вещества 
610 1 |a учебники 
610 1 |a способы 
675 |a 662.2(075.8)  |v 3 
700 1 |a Орлова  |b Е. Ю.  |g Евгения Юлиановна  |4 070 
801 0 |a RU  |b RuMRKP  |c 19950704  |g psbo 
801 1 |a RU  |b 63413507  |c 20050401  |g PSBO 
801 2 |a RU  |b 63413507  |c 20141024  |g PSBO 
942 |c BK